000 00347nam a2200133Ia 4500
008 191201s2002 xx 000 0 und d
082 _a511.313
_bYAE
100 _aYAGER, Ronald R
245 0 _aEssentials of Fuzzy Modeling and Control
260 _aN.Delhi
_bJohn wiley and Sons
_c2002
300 _a388
650 _aB.Tech(ECE)
942 _2ddc
_cBK
999 _c1683
_d1683